000 00847nam a22002297a 4500
005 20240530110344.0
008 141126s2010 ua o frb 000 0 ara d
040 _aEG-CaGPL
041 0 _aara
082 0 4 _221
_a932\
_bق/ت آ
100 0 _aتامر محمد سعدالله
245 1 0 _aاثار مصر الفرعونية /
_cتامر محمد سعدالله
_n(1)
260 _aالاسكندرية :
_bدار المعرفة الجامعية ،
_c2010
300 _a331 ص :
_bصور ؛
_c24 سم
504 _aببليوجرافية : ص 321 - 327
650 0 4 _aالحضارة الفرعونية
650 0 4 _aسقارة
_xالاثار الفرعونية
650 0 4 _aالاهرام ( اثار )
651 _aدهشور
_xالاثار الفرعونية
651 _aابو صير
_xالاثار الفرعونية
942 _2ddc
_cBK
999 _c59936
_d59936